Acondicionamiento de muestras para evaluar la durabilidad natural de madera de pino, cenízaro y guanacaste expuestas a la intemperie y en contacto con el suelo
Uloženo v:
| Hlavní autor: | |
|---|---|
| Médium: | Kniha |
| Jazyk: | Spanish |
| Vydáno: |
[San José, Costa Rica] : Universidad de Costa Rica, [Facultad de Ingeniería], Instituto de Investigaciones en Ingeniería, [Laboratorio de Productos Forestales]
2006
|
| Tagy: |
Přidat tag
Žádné tagy, Buďte první, kdo vytvoří štítek k tomuto záznamu!
|
MARC
| LEADER | 00000nam a2200000Ia 4500 | ||
|---|---|---|---|
| 003 | PI0153 | ||
| 005 | 20240510110202.0 | ||
| 008 | 140114s2006 cr a 000 ||spa d | ||
| 040 | |c cru CEDI | ||
| 100 | |a Govaere Vicarioli, Georges, 1972- |9 123 | ||
| 245 | |a Acondicionamiento de muestras para evaluar la durabilidad natural de madera de pino, cenízaro y guanacaste expuestas a la intemperie y en contacto con el suelo | ||
| 260 | |a [San José, Costa Rica] : Universidad de Costa Rica, [Facultad de Ingeniería], Instituto de Investigaciones en Ingeniería, [Laboratorio de Productos Forestales] |c 2006 | ||
| 500 | |a Informe Final No.731-A5-710 | ||
| 942 | |c PI |h PI-153 |i PI0153 |6 PI_153_PI0153 | ||
| 999 | |c 12591 |d 12591 | ||
